Biblioteca

Con Cristo en el hogar / Fe C. de Coolidge (Registro nro. 32500)

Detalles MARC
000 -LÍDER
Campo fijo de descripción fija 007080000a22001930004500
041 0# - CÓDIGO DE IDIOMA
Código de idioma para texto/pista de sonido o título separado
082 04 - NÚMERO DE CLASIFICACIÓN DECIMAL DEWEY
Número de clasificación G 173.7 C7746c
001 - NÚMERO DE CONTROL
Campo de control 1170
100 1# - ASIENTO PRINCIPAL--NOMBRE PERSONAL
Nombre personal Coolidge, Fe C. de
245 10 - TÍTULO
Título del Material Con Cristo en el hogar / Fe C. de Coolidge
260 ## - PUBLICACIÓN, DISTRIBUCIÓN, ETC. (PIE DE IMPRENTA)
Lugar de publicación, distribución, etc. Kansas City, Missouri, USA : Casa Nazarena
300 ## - DESCRIPCIÓN FÍSICA
Extensión 95 Pag.
336 ## - CONTENT TYPE
Content type term texto
Content type code txt
Source rdacontent
337 ## - MEDIA TYPE
Source rdamedia
Media type term sin mediación
Media type code n
338 ## - CARRIER TYPE
Source rdacarrier
Carrier type term volumen
Carrier type code nc
505 00 - NOTA DE CONTENIDO
Nota de contenido con formato preestablecido el hogar -- los padres -- deberes de los padres -- los hijos -- cómo enseñar a nuestros hijos -- acerca de Dios -- A orar -- A obedecer -- la mayordomía -- el camino de la salvación -- a vivir una vida cristiana
650 14 - ASIENTO SECUNDARIO DE MATERIA - TERMINO TEMÁTICO
Término temático o nombre geográfico como elemento de entrada FAMILIA CRISTIANA
942 ## - TIPO DE MATERIAL (KOHA)
Tipo de Item KOHA Libros General
Existencias
Estado de Material Estado de Perdido Estado de Dañado No para Préstamo Colección Tomo Biblioteca de Origen Biblioteca Permanente Fecha de Adquisición Total de Préstamos Signatura Topográfica Código de Barras Última vez visto Ejemplar/Existencia Fecha de Remplazo Tipo de Material
        Colección General   Biblioteca FUSBC Biblioteca FUSBC 08/10/2004   G 173.7 C7746c 648 12/12/2019 1 26/01/2016 Libros General
        Colección General   Biblioteca FUSBC Biblioteca FUSBC 08/10/2004   G 173.7 C7746c 649 12/12/2019 2 26/01/2016 Libros General

Biblioteca FUSBC | Teléfono: (57+4) 349 88 10 Ext. 141| WhatsApp (+57) 3005338115 
E-mail: biblioteca@unisbc.edu.co | Calle 76 87-14 Robledo Palenque, Medellín, Colombia

Con tecnología Koha